000 01242nam0a2200313 4500
001 RU\NLR\bibl\1392856
005 20250615201519.0
010 _a978-5-98935-031-5
_9100
021 _aRU
_b2009-40323
_92451
035 _a(NLR Aleph) 001384888
090 _a1125276
_c1125276
100 _a20090715d2008 |||y0rusy50 ca
101 0 _arus
102 _aRU
105 _ay |||||||||
200 1 _aОбучение эссе в условиях двуязычья
_eмонография
_fМ. Л. Вашаева
210 _aВладикавказ
_cИзд-во Северо-Осетинского государственного педагогического института
_d2008
215 _a189 с.
_d21
320 _aБиблиогр.: с. 177-188 (162 назв.) и в подстроч. прим.
606 1 _aРусский язык
_xПисьменные работы
_xОсетинская школа
_92562098
_3RU\NLR\auth\661515544
686 _aЧ426.132(2)осет.
700 1 _aВашаева
_bМ. Л.
_gМарина Леонидовна
_4070
801 0 _aRU
_bNLR
_c20090715
_gRCR
801 1 _aRU
_bNLR
_c20090715
830 _aавт. по ЭК
942 _cBOOK
980 _aNB